01898 2200313 4500001002100000005001500021035002000036008004100056020002200097041000800119082001400127084002000141100002200161245009400183250001100277260003800288300003100326504001500357520094200372650003101314650002701345650005601372990002601428990002601454990002601480990002601506990002601532990002601558INLIS00000000000532320221110085141 a0010-0520005323221110 | | ind  a978-979-24-9939-1 aind a320.959.8 a320.959.8 FEM p0 aFemi Adi Soempeno1 aPrabowo Titisan Soeharto? :bMencari Pemimpin Baru di Masa Panceklik /cFemi Adi Soempeno aCet. 1 aYogyakarta :bGalang Press,c2008 a279 p. :b: ill. ;c23 cm. ap. 259-278 aBuku ini ditulis bukan untuk meramal sikap politik para pemimpin yang bakal nyalon pada hajatan lima tahunan nanti. Dalam kaitannya dengan skenario sakit Soeharto dan kemunculan Prabowo menjelang pemilu 2009 ini saya menjadi terusik dengan iklan pemilu 2004. Dalam iklan tersebut, Prabowo menunggangi kesejahteraan, stabilitas maupun keamanan di jaman Orde Baru. Ia berujar, Biarkan sang macan kembali mengaum. Saat itu, Prabowo seolah muncul untuk menjadi sosok yang ingin mengembalikan Indonesia sebagai salah satu macan di Asia di bidang Ekonomi. Jika ini disebut sebagai sebuah pemanis di masa kampanye, ia seperti tengah menularkan harapan akan pertumbuhan ekonomi yang tinggi dengan kepemimpinan yang kuat itu dalam figur dirinya yang notabene adalah jebolan tentara. Dan jika Prabowo mencalonkan diri pada pesta demokrasi 2009 nanti, setidaknya menunjukkan proses pemulihan kepercayaan diri keluarga Cendana dan para pendukungnya. 4aSubianto, Prabowo, - 1951- 4aSoeharto, - 1921-2008. 4aIndonesia - Politics and government - 21st century. a08485/MKRI-P/XII-2008 a08484/MKRI-P/XII-2008 a08484/MKRI-P/XII-2008 a08485/MKRI-P/XII-2008 a08485/MKRI-P/XII-2008 a08484/MKRI-P/XII-2008